000 01954nam0a2200433 4500
001 RU\NLR\BIBL_A\011654951
005 20220623100757.0
010 _a978-5-89059-309-2
_92000
021 _aRU
_bКН-П-18-008818
_9КН-П-18-0614
035 _a(NLR Aleph) 011654951
035 _a(RuMoRGB)009538859
090 _a11149325
_c11149325
100 _a20180313d2018 k y0rusy50 ca
101 1 _arus
_cfre
102 _aRU
105 _ay|||z|||001zy
200 1 _aПразднества в Неаполе
_eтеатр, музыка и кастраты в XVIII веке
_fПатрик Барбье
_gперевод с французского Сергея Райского и Ирины Морозовой
210 _aСанкт-Петербург
_cИзд-во Ивана Лимбаха
_d2018
215 _a408, [4] с.
_d20
225 1 _aStudia Europaea
300 _aПер. изд.: Naples en Fête/ Patrick Barbier. Paris, 2012
320 _aБиблиогр. в примеч.: с. 375-383
320 _aБиблиогр.: с. 384-398
320 _aИмен. указ. в конце кн.
333 _a16+
454 0 _12001#$aNaples en Fête$fPatrick Barbier
_1210##$aParis$d2012
_1700#1$aBarbier$bP.$gPatrick
_tNaples en Fête
_aBarbier, Patrick
606 1 _aМузыкальная культура
_yНеаполь, город (Италия)
_z18 в.
_92102043
_3RU\NLR\AUTH\661271190
607 _aНеаполь, город (Италия)
_xИстория
_z18 в.
_92318598
_3RU\NLR\AUTH\6601612295
686 _aЩ313(4Ит)44-692Неаполь,0
_2rubbk
686 _aЩ333(4Ит)44-692Неаполь,0
_2rubbk
686 _aЩ343(4Ит)44-692Неаполь,0
_2rubbk
686 1 _aТ3(4Ит-2Н)4,02
686 1 _aЩ313(4Ит)4-692Неаполь
700 1 _aБарбье
_bП.
_gПатрик
942 _cBOOK
980 _aNBR
980 _aNB